01202nam a22003617a 450000500170000000800410001702000180005804100080007608200200008410000290010424501010013326000140023426000100024826000090025830000180026749000470028550501260033265000240045865000190048265000310050165000430053265000490057565000150062465000200063965000180065965000190067765000130069665000210070965000460073094200120077699900150078895200370080320250819115630.0160125b2015 xxu||||| |||| 00| 0 spa d a9789962041986 aESP a658.409.2 R389p aRemolins, Eduardo942363 aLa primera venta del emprendedor: lo que un inversor quiere escuchar para financiar tu proyecto  aEspañol bLexus c2015 a193 páginas aDirección y Administración de empresas aParte I. ¿Por qué necesitamos una presentación?. Parte II. El monólogo silencioso Parte III. La hora de la verdad. aLIDERAZGO EJECUTIVO aEMPREDEDURISMO aPRESENTACIÓN DEL NEGOCIO aESTRATEGIAS PARA CREAR PRESENTACIONES  aESTRATEGIAS PARA ESCRIBIR PLANES DE NEGOCIO aMANAGEMENT aMODELO MCKINSEY aFINANCIMIENTO aINVERSIONISTAS aCLIENTES aORDENAR TUS IDAS aPROBAR Y MEJORAR LA ORIGINALIDAD DEL PLAN cBK2ddc c7500d7500 o658.409.2 R389pp22078xDAEyLIT